[Event "POL-chT 2nd League"]
[Site "Jastrzebia Gora"]
[Date "2018.09.04"]
[Round "4.76"]
[White "Zminda, Bogdan"]
[Black "Smagalski, Slawomir"]
[Result "0-1"]
[WhiteElo "1982"]
[BlackElo "1911"]
[PlyCount "118"]
[EventDate "2018.09.01"]
[EventType "team-swiss"]
[EventRounds "9"]
[EventCountry "POL"]
[SourceTitle "CBM 186 Extra"]
[Source "ChessBase"]
[SourceDate "2018.08.24"]
[SourceVersion "1"]
[SourceVersionDate "2018.08.24"]
[SourceQuality "1"]
[WhiteTeam "Zarow Goniec"]
[BlackTeam "Konin Hetman"]
[WhiteTeamCountry "POL"]
[BlackTeamCountry "POL"]

1. e4 e5 2. Nf3 Nc6 3. d4 exd4 4. Nxd4 Bc5 5. Nb3 Bb6 6. Qe2 d6 7. Be3 Nf6 8. Nc3 h6 9. f3 Be6 10. 0-0-0 Qe7 11. g4 0-0-0 12. Bxb6 axb6 13. Qb5 Kb8 14. Qa4 Na7 15. Nd4 c6 16. Nxe6 fxe6 17. Qd4 Qc7 18. h4 Nc8 19. Be2 e5 20. Qe3 b5 21. a3 Qa5 22. f4 b4 23. axb4 Qxb4 24. f5 Nb6 25. g5 Nfd7 26. b3 Nc5 27. Na2 Qxe4 28. Qxe4 Nxe4 29. Rhg1 Nf2 30. Rdf1 Nh3 31. Rg3 Nf4 32. Bd1 hxg5 33. Rxg5 Rxh4 34. Rxg7 Nbd5 35. Rfg1 Rhh8 36. Rf7 Rhf8 37. Rgg7 Rxf7 38. Rxf7 e4 39. c4 Nd3+ 40. Kd2 Ne5 41. Rg7 Nf6 42. Re7 Ned7 43. Nc3 d5 44. cxd5 cxd5 45. Ke3 Ng8 46. Rg7 Nh6 47. Kf4 Nc5 48. Kg5 d4 49. Nxe4 Nxf5 50. Kxf5 Rd5+ 51. Kf4 Ne6+ 52. Kf3 Nxg7 53. Ke2 Ne6 54. Kd3 Rd8 55. Bg4 Nf4+ 56. Kd2 Kc7 57. Nc5 Re8 58. Bf3 b6 59. Ne4 Rh8 0-1

[Event "Rubinstein Memorial-C 53rd"]
[Site "Polanica Zdroj"]
[Date "2017.08.26"]
[Round "8"]
[White "Cap, Piotr"]
[Black "Zminda, Bogdan"]
[Result "0-1"]
[WhiteElo "1793"]
[BlackElo "1957"]
[PlyCount "58"]
[EventDate "2017.08.19"]
[EventType "swiss"]
[EventRounds "9"]
[EventCountry "POL"]
[SourceTitle "CBM 180 Extra"]
[Source "ChessBase"]
[SourceDate "2017.10.06"]
[SourceVersion "1"]
[SourceVersionDate "2017.10.06"]
[SourceQuality "1"]

1. d4 Nf6 2. c4 g6 3. Nf3 Bg7 4. g3 0-0 5. Bg2 d6 6. 0-0 c5 7. d5 Bf5 8. Nh4 Bd7 9. Nc3 Na6 10. h3 Nc7 11. a4 b6 12. e4 a6 13. Nf3 b5 14. axb5 axb5 15. Rxa8 Qxa8 16. e5 Nfe8 17. e6 fxe6 18. dxe6 Bc6 19. Nh4 bxc4 20. Kh2 Bf6 21. Bxc6 Qxc6 22. Ng2 d5 23. Nf4 d4 24. Na4 Ng7 25. Qc2 Ra8 26. b3 cxb3 27. Qxc5 Qxa4 28. Qxc7 Qb5 29. Nd3 Qxd3 0-1

[Event "POL-chT3 Dolnoslaskie 1516"]
[Site "Poland"]
[Date "2016.03.06"]
[Round "8.19"]
[White "Zminda, Bogdan"]
[Black "Szkop, Robert"]
[Result "1-0"]
[WhiteElo "1957"]
[BlackElo "1592"]
[PlyCount "53"]
[EventDate "2015.10.18"]
[EventType "team-tourn"]
[EventRounds "11"]
[EventCountry "POL"]
[SourceTitle "EXT 2018"]
[Source "ChessBase"]
[SourceDate "2017.10.13"]
[SourceVersion "1"]
[SourceVersionDate "2017.10.13"]
[SourceQuality "1"]

1. e4 e5 2. Nf3 d6 3. d4 exd4 4. Nxd4 Nf6 5. Nc3 g6 6. Bg5 Bg7 7. Qd2 0-0 8. 0-0-0 Qe8 9. f3 a6 10. h4 Nc6 11. Nxc6 Qxc6 12. h5 Nxh5 13. Nd5 Qa4 14. a3 Be6 15. Ne7+ Kh8 16. g4 Ng3 17. Rxh7+ Kxh7 18. Qh2+ Nh5 19. gxh5 Bxb2+ 20. Kxb2 Kg7 21. hxg6 Rh8 22. Qf4 f5 23. Qd2 Rh5 24. Qc3+ Kf8 25. Qf6+ Ke8 26. Qxe6 Rxg5 27. Nc6+ 1-0

[Event "POL-chT3 Dolnoslaskie 1516"]
[Site "Poland"]
[Date "2015.11.22"]
[Round "3.29"]
[White "Helaszek, Edward"]
[Black "Zminda, Bogdan"]
[Result "1-0"]
[WhiteElo "2010"]
[BlackElo "1957"]
[PlyCount "122"]
[EventDate "2015.10.18"]
[EventType "team-tourn"]
[EventRounds "11"]
[EventCountry "POL"]
[SourceTitle "EXT 2018"]
[Source "ChessBase"]
[SourceDate "2017.10.13"]
[SourceVersion "1"]
[SourceVersionDate "2017.10.13"]
[SourceQuality "1"]

1. e4 c5 2. Nf3 Nc6 3. d4 cxd4 4. Nxd4 Nf6 5. Nc3 e6 6. Ndb5 d6 7. Bf4 e5 8. Bg5 a6 9. Na3 b5 10. Nd5 Be7 11. Bxf6 Bxf6 12. c3 Bg5 13. Nc2 Ne7 14. Ncb4 0-0 15. a4 bxa4 16. Rxa4 a5 17. Bc4 Bd7 18. Nxe7+ Bxe7 19. Nd5 Bxa4 20. Qxa4 Kh8 21. 0-0 f5 22. exf5 Rxf5 23. Bd3 Rf8 24. Ra1 g6 25. g3 Bg5 26. Be4 Qb8 27. Qc2 Ra7 28. Kg2 Rb7 29. b4 axb4 30. cxb4 Bd8 31. h4 Ra7 32. Rd1 Bb6 33. Rd2 Raf7 34. f3 Rc8 35. Qb3 Rff8 36. Ra2 Rc1 37. Qd3 Bd4 38. h5 gxh5 39. Bxh7 Qb7 40. Be4 Qg7 41. Kh2 Rg8 42. Rg2 h4 43. g4 Ra8 44. Rc2 Qh6 45. f4 Rxc2+ 46. Qxc2 exf4 47. Ne7 f3 48. Ng6+ Qxg6 49. Bxg6 Be5+ 50. Kh3 Ra1 51. Kxh4 Kg7 52. Kg5 Bf6+ 53. Kf5 Re1 54. Kf4 Re2 55. Qd3 Rh2 56. Qxd6 Kxg6 57. Kxf3 Rh3+ 58. Kf4 Rh8 59. Qd3+ Kh6 60. Kf5 Rf8 61. Qd6 Kg7 1-0

[Event "POL-chT3 Dolnoslaskie 1415"]
[Site "Poland"]
[Date "2015.03.29"]
[Round "9.7"]
[White "Zminda, Bogdan"]
[Black "Skrobek, Ryszard"]
[Result "0-1"]
[WhiteElo "1984"]
[BlackElo "2330"]
[PlyCount "66"]
[EventDate "2014.10.26"]
[EventType "team-tourn"]
[EventRounds "11"]
[EventCountry "POL"]
[SourceTitle "EXT 2018"]
[Source "ChessBase"]
[SourceDate "2017.10.13"]
[SourceVersion "1"]
[SourceVersionDate "2017.10.13"]
[SourceQuality "1"]
[WhiteTeam "Olawa MGLKS Parnas"]
[BlackTeam "Olesnica Pogon"]
[WhiteTeamCountry "POL"]
[BlackTeamCountry "POL"]

1. e4 c5 2. Nf3 d6 3. d4 cxd4 4. Nxd4 Nf6 5. Nc3 a6 6. Bg5 e6 7. Qd2 Nbd7 8. 0-0-0 b5 9. a3 Bb7 10. f3 Be7 11. g4 Qc7 12. Bxf6 gxf6 13. Bxb5 axb5 14. Ndxb5 Qc6 15. Nxd6+ Bxd6 16. Qxd6 Qxd6 17. Rxd6 Ne5 18. Rf1 h5 19. gxh5 Rxh5 20. f4 Nc4 21. Rd4 Rc8 22. f5 e5 23. Rd3 Rxh2 24. Rg1 Ke7 25. Rgd1 Bc6 26. b3 Nxa3 27. R1d2 Rxd2 28. Rxd2 Nb5 29. Nd5+ Bxd5 30. exd5 Nd4 31. Kb2 Nxf5 32. c4 Nd6 33. Kc3 Ne4+ 0-1

[Event "POL-chT3 Dolnoslaskie 1415"]
[Site "Poland"]
[Date "2015.03.08"]
[Round "8.27"]
[White "Laszewicz, Pawel"]
[Black "Zminda, Bogdan"]
[Result "0-1"]
[WhiteElo "2123"]
[BlackElo "1984"]
[PlyCount "86"]
[EventDate "2014.10.26"]
[EventType "team-tourn"]
[EventRounds "11"]
[EventCountry "POL"]
[SourceTitle "EXT 2018"]
[Source "ChessBase"]
[SourceDate "2017.10.13"]
[SourceVersion "1"]
[SourceVersionDate "2017.10.13"]
[SourceQuality "1"]
[WhiteTeam "Radkow Giecek"]
[BlackTeam "Olawa MGLKS Parnas"]
[WhiteTeamCountry "POL"]
[BlackTeamCountry "POL"]

1. e4 c5 2. Nf3 Nc6 3. d4 cxd4 4. Nxd4 Nf6 5. Nc3 e6 6. Ndb5 d6 7. Bf4 e5 8. Bg5 a6 9. Na3 b5 10. Nd5 Be7 11. Bxf6 Bxf6 12. c4 b4 13. Nc2 a5 14. Qd3 Bg5 15. Be2 0-0 16. 0-0 f5 17. Ndxb4 axb4 18. Qd5+ Rf7 19. c5 Ba6 20. Bxa6 Rxa6 21. Rad1 dxc5 22. Qxc5 Qb6 23. Qc4 fxe4 24. Rd7 Be7 25. Ne3 Na5 26. Qxe4 Qe6 27. Rfd1 Nc6 28. R7d5 Rf4 29. Qd3 Nd4 30. g3 Nf3+ 31. Kg2 Rd4 32. Qb5 Rxd1 33. Rxd1 Ng5 34. Nd5 Bf8 35. Qc4 Kh8 36. f4 Qh3+ 37. Kg1 Rh6 38. Qe2 Bc5+ 39. Ne3 Bxe3+ 40. Qxe3 Qxh2+ 41. Kf1 Qh1+ 42. Qg1 Qf3+ 43. Ke1 Ne6 0-1

[Event "POL-chT3 Dolnoslaskie 1415"]
[Site "Poland"]
[Date "2014.11.09"]
[Round "2.17"]
[White "Zminda, Bogdan"]
[Black "Sernecki, Franciszek"]
[Result "0-1"]
[WhiteElo "1984"]
[BlackElo "1929"]
[PlyCount "58"]
[EventDate "2014.10.26"]
[EventType "team-tourn"]
[EventRounds "11"]
[EventCountry "POL"]
[SourceTitle "EXT 2018"]
[Source "ChessBase"]
[SourceDate "2017.10.13"]
[SourceVersion "1"]
[SourceVersionDate "2017.10.13"]
[SourceQuality "1"]
[WhiteTeam "Olawa MGLKS Parnas"]
[BlackTeam "Wroclaw MUKS MDK Srodmiescie"]
[WhiteTeamCountry "POL"]
[BlackTeamCountry "POL"]

1. e4 d6 2. d4 Nf6 3. Nc3 c6 4. Bg5 Nbd7 5. Nf3 e5 6. Qd2 Be7 7. 0-0-0 0-0 8. Bxf6 Bxf6 9. g4 a5 10. h4 b5 11. g5 Be7 12. Bh3 Nb6 13. dxe5 Bxh3 14. Rxh3 Qc8 15. Rg3 Nc4 16. Qf4 dxe5 17. Qf5 Bc5 18. Rg2 Qxf5 19. exf5 Rfd8 20. Rxd8+ Rxd8 21. Ne4 Bb6 22. f6 Nd6 23. Nxd6 Rxd6 24. Nxe5 Re6 25. Nd7 Bc7 26. fxg7 Bf4+ 27. Kd1 Rd6+ 28. Ke2 Rxd7 29. Kf3 Be5 0-1

[Event "POL-chT3 Dolnoslaskie 1314"]
[Site "Poland"]
[Date "2013.11.03"]
[Round "2.8"]
[White "Zminda, Bogdan"]
[Black "Kumala, Aleksander"]
[Result "1-0"]
[WhiteElo "1956"]
[BlackElo "2013"]
[PlyCount "65"]
[EventDate "2013.10.20"]
[EventType "team-tourn"]
[EventRounds "11"]
[EventCountry "POL"]
[SourceTitle "EXT 2018"]
[Source "ChessBase"]
[SourceDate "2017.10.13"]
[SourceVersion "1"]
[SourceVersionDate "2017.10.13"]
[SourceQuality "1"]
[WhiteTeam "Olawa MGLKS Parnas"]
[BlackTeam "Gant Hetman"]
[WhiteTeamCountry "POL"]
[BlackTeamCountry "POL"]

1. e4 e5 2. Nf3 Nc6 3. Bb5 f5 4. d3 fxe4 5. dxe4 Bc5 6. Bxc6 bxc6 7. Nxe5 Nf6 8. Nd3 Bb6 9. e5 Qe7 10. 0-0 Ne4 11. Qf3 Nc5 12. Nxc5 Bxc5 13. Be3 Ba6 14. Re1 Rf8 15. Bxc5 Qxc5 16. Qe3 Qxc2 17. e6 d6 18. Nd2 Qd3 19. Qg5 g6 20. Ne4 Qd4 21. Rad1 Qg7 22. Rxd6 Rf5 23. Rd7 Rxg5 24. Rxg7 Rf5 25. Rg8+ Rf8 26. Rxf8+ Kxf8 27. e7+ Kxe7 28. Nc5+ Kd6 29. Nxa6 c5 30. Rd1+ Kc6 31. Rc1 Re8 32. Nxc5 Re2 33. Kf1 1-0

[Event "Polanica Zdroj op-D 49th"]
[Site "Polanica Zdroj"]
[Date "2013.08.20"]
[Round "4"]
[White "Karpinski, Bartlomiej"]
[Black "Zminda, Bogdan"]
[Result "1/2-1/2"]
[WhiteElo "1773"]
[BlackElo "1980"]
[PlyCount "60"]
[EventDate "2013.08.17"]
[EventType "swiss"]
[EventRounds "9"]
[EventCountry "POL"]
[SourceTitle "EXT 2014"]
[Source "ChessBase"]
[SourceDate "2013.11.20"]
[SourceVersion "1"]
[SourceVersionDate "2013.11.20"]
[SourceQuality "1"]

1. e4 c5 2. Nc3 Nc6 3. Nf3 g6 4. Bb5 Bg7 5. 0-0 Nf6 6. d3 0-0 7. h3 Nd4 8. Nxd4 cxd4 9. Ne2 d5 10. e5 Nd7 11. Bxd7 Bxd7 12. f4 f6 13. exf6 Bxf6 14. b3 Rc8 15. Bb2 e5 16. fxe5 Bxe5 17. Rxf8+ Qxf8 18. Qd2 Qf6 19. Ba3 Qh4 20. Rf1 Bg7 21. Qb4 Qg5 22. Kh1 h5 23. Nxd4 Qe3 24. Qd6 Bxh3 25. Qxd5+ Kh7 26. Nf3 Qe2 27. Ng5+ Kh8 28. Nf7+ Kh7 29. Ng5+ Kh8 30. Nf7+ Kh7 1/2-1/2

[Event "Rewal op-B 17th"]
[Site "Rewal"]
[Date "2012.08.??"]
[Round "5"]
[White "Czernicki, Bogdan"]
[Black "Zminda, Bogdan"]
[Result "1/2-1/2"]
[WhiteElo "1850"]
[BlackElo "2087"]
[PlyCount "41"]
[EventDate "2012.08.20"]
[EventType "swiss"]
[EventRounds "9"]
[EventCountry "POL"]
[SourceTitle "EXT 2014"]
[Source "ChessBase"]
[SourceDate "2013.11.20"]
[SourceVersion "1"]
[SourceVersionDate "2013.11.20"]
[SourceQuality "1"]

1. d4 Nf6 2. Nf3 g6 3. c4 Bg7 4. Nc3 0-0 5. e4 d6 6. Be2 e5 7. dxe5 dxe5 8. Qxd8 Rxd8 9. Bg5 Re8 10. 0-0-0 h6 11. Be3 Ng4 12. Nd5 Na6 13. c5 Nxe3 14. fxe3 c6 15. Bxa6 cxd5 16. Bb5 Rd8 17. exd5 e4 18. Ne1 Bg4 19. Rd2 Rac8 20. c6 bxc6 21. Bxc6 1/2-1/2

[Event "Wroclaw Anderssen Memorial op 20th"]
[Site "Wroclaw"]
[Date "2011.07.11"]
[Round "2"]
[White "Stachowiak, Kamil"]
[Black "Zminda, Bogdan"]
[Result "1-0"]
[WhiteElo "2436"]
[BlackElo "2172"]
[PlyCount "39"]
[EventDate "2011.07.11"]
[EventType "swiss (rapid)"]
[EventRounds "9"]
[EventCountry "POL"]
[SourceTitle "CBM 143 Extra"]
[Source "ChessBase"]
[SourceDate "2011.08.29"]
[SourceVersion "1"]
[SourceVersionDate "2011.08.29"]
[SourceQuality "1"]

1. d4 Nf6 2. Nf3 g6 3. c4 Bg7 4. Nc3 0-0 5. g3 d6 6. Bg2 Nbd7 7. 0-0 e5 8. e4 exd4 9. Nxd4 Re8 10. Re1 a5 11. h3 Nc5 12. Ndb5 Bd7 13. Bf4 Nh5 14. Be3 Bc6 15. Bxc5 dxc5 16. Qxd8 Raxd8 17. Nxc7 Bxc3 18. bxc3 Re7 19. Nd5 Ng7 20. Nxe7+ 1-0

[Event "Wroclaw op-A 6th"]
[Site "Wroclaw"]
[Date "2011.07.09"]
[Round "8"]
[White "Zminda, Bogdan"]
[Black "Kowalczyk, Rafal"]
[Result "0-1"]
[WhiteElo "2172"]
[BlackElo "2085"]
[PlyCount "80"]
[EventDate "2011.07.04"]
[EventType "swiss"]
[EventRounds "9"]
[EventCountry "POL"]
[SourceTitle "CBM 143 Extra"]
[Source "ChessBase"]
[SourceDate "2011.08.29"]
[SourceVersion "1"]
[SourceVersionDate "2011.08.29"]
[SourceQuality "1"]

1. e4 e5 2. Nf3 Nc6 3. d4 exd4 4. Bc4 Bc5 5. c3 Nf6 6. cxd4 Bb4+ 7. Nc3 Nxe4 8. 0-0 Bxc3 9. d5 Bf6 10. Re1 Ne7 11. Rxe4 d6 12. Bg5 Bxg5 13. Nxg5 h6 14. Qe2 hxg5 15. Re1 Be6 16. dxe6 f6 17. Re3 Kf8 18. Rh3 Rxh3 19. gxh3 g6 20. h4 gxh4 21. Qg4 Kg7 22. Qxh4 d5 23. Bd3 Qd6 24. Qg4 a5 25. a3 Rh8 26. Qg2 Rh5 27. Kh1 Re5 28. Rg1 Qxe6 29. f4 Re1 30. Qd2 Rxg1+ 31. Kxg1 d4 32. Kf2 Qh3 33. Ke1 Nd5 34. f5 g5 35. Kd1 Qf3+ 36. Kc2 Ne3+ 37. Kb3 Qd5+ 38. Ka4 Nc4 39. Bxc4 Qxc4+ 40. b4 d3 0-1

[Event "Wroclaw op-A 6th"]
[Site "Wroclaw"]
[Date "2011.07.07"]
[Round "5"]
[White "Zminda, Bogdan"]
[Black "Musialkiewicz, Pawel"]
[Result "0-1"]
[WhiteElo "2172"]
[BlackElo "1961"]
[PlyCount "90"]
[EventDate "2011.07.04"]
[EventType "swiss"]
[EventRounds "9"]
[EventCountry "POL"]
[SourceTitle "CBM 143 Extra"]
[Source "ChessBase"]
[SourceDate "2011.08.29"]
[SourceVersion "1"]
[SourceVersionDate "2011.08.29"]
[SourceQuality "1"]

1. e4 c5 2. Nf3 d6 3. d4 cxd4 4. Nxd4 Nf6 5. Nc3 a6 6. Bg5 e6 7. Qd2 h6 8. Bxf6 Qxf6 9. 0-0-0 Nc6 10. Nb3 Qd8 11. f4 Be7 12. Kb1 b5 13. g4 b4 14. Ne2 Qc7 15. Ned4 Bb7 16. Nxc6 Qxc6 17. Bg2 Qb6 18. f5 e5 19. h4 0-0-0 20. c3 bxc3 21. Qxc3+ Kb8 22. Qd2 Rc8 23. g5 Rc4 24. Na5 Rd4 25. Qc3 Rc8 26. Qa3 Bxe4+ 27. Bxe4 Rxe4 28. f6 gxf6 29. gxh6 Qe3 30. Nb3 Qe2 31. Rc1 Rec4 32. h7 Qe4+ 33. Ka1 Rxc1+ 34. Rxc1 Rxc1+ 35. Nxc1 Qxh7 36. Qb4+ Kc7 37. Qc4+ Kd7 38. Nd3 Qf5 39. Nb4 Ke8 40. Nxa6 Kf8 41. a4 d5 42. Qb5 Qc2 43. Nb4 Qc1+ 44. Ka2 Qc4+ 45. b3 Qxb5 0-1

[Event "Wroclaw op-A 6th"]
[Site "Wroclaw"]
[Date "2011.07.06"]
[Round "4"]
[White "Kaczmarek, Maciej"]
[Black "Zminda, Bogdan"]
[Result "1-0"]
[WhiteElo "2049"]
[BlackElo "2172"]
[PlyCount "119"]
[EventDate "2011.07.04"]
[EventType "swiss"]
[EventRounds "9"]
[EventCountry "POL"]
[SourceTitle "CBM 143 Extra"]
[Source "ChessBase"]
[SourceDate "2011.08.29"]
[SourceVersion "1"]
[SourceVersionDate "2011.08.29"]
[SourceQuality "1"]

1. c4 Nf6 2. Nc3 g6 3. Nf3 Bg7 4. g3 0-0 5. Bg2 d5 6. cxd5 Nxd5 7. 0-0 Nxc3 8. bxc3 e5 9. Qc2 Bd7 10. d4 exd4 11. cxd4 Bc6 12. e4 Re8 13. Re1 Nd7 14. Bb2 Nb6 15. d5 Ba4 16. Qc1 f6 17. Bh3 Bd7 18. Bxd7 Qxd7 19. Nd4 f5 20. Ne6 Bxb2 21. Qxb2 fxe4 22. Rad1 c6 23. Nc5 Qg7 24. Qxg7+ Kxg7 25. Ne6+ Kf6 26. Nc7 cxd5 27. Nxa8 Rxa8 28. f3 Ke5 29. fxe4 dxe4 30. Rc1 Nd5 31. Rc4 e3 32. Rd1 b6 33. Rdd4 Rf8 34. Re4+ Kd6 35. Rcd4 Kc5 36. Rc4+ Kd6 37. Rcd4 Kc5 38. Rd3 Rf5 39. g4 Rf6 40. Re5 Kc4 41. Rd1 Nc3 42. Rf1 Rxf1+ 43. Kxf1 Nxa2 44. Rxe3 Nc3 45. Re7 a5 46. Rxh7 a4 47. Ra7 Kb3 48. h4 a3 49. h5 gxh5 50. gxh5 Na4 51. Re7 a2 52. Re1 Nc3 53. Ra1 Ne4 54. h6 Nf6 55. Ke2 Kb2 56. Rf1 b5 57. Kd3 b4 58. Kc4 b3 59. Rf2+ Ka3 60. Rxf6 1-0

[Event "Lubawka op"]
[Site "Lubawka"]
[Date "2009.07.30"]
[Round "2"]
[White "Stepinski, Stanislaw"]
[Black "Zminda, Bogdan"]
[Result "0-1"]
[WhiteElo "1992"]
[BlackElo "2165"]
[PlyCount "82"]
[EventDate "2009.06.29"]
[EventType "swiss"]
[EventRounds "9"]
[EventCountry "POL"]
[SourceTitle "CBM 131 Extra"]
[Source "ChessBase"]
[SourceDate "2009.09.03"]
[SourceVersion "2"]
[SourceVersionDate "2009.09.16"]
[SourceQuality "1"]

1. d4 Nf6 2. Bg5 Ne4 3. Bh4 g5 4. f3 gxh4 5. fxe4 c5 6. e3 Bh6 7. Kf2 Qb6 8. Nc3 Qxb2 9. Qd2 Qxa1 10. Nf3 Nc6 11. Rg1 cxd4 12. Nxd4 Nxd4 13. Qxd4 0-0 14. Bd3 Bxe3+ 15. Qxe3 Qxc3 16. e5 Qc6 17. Qg5+ Kh8 18. Qxh4 Qc5+ 19. Kf1 f5 20. exf6 Rxf6+ 21. Ke2 h6 22. Rf1 Qg5 23. Qd4 d5 24. h3 e5 25. Qxd5 Bf5 26. h4 Bg4+ 27. Rf3 Bxf3+ 28. gxf3 Qg2+ 29. Ke3 Qxf3+ 30. Qxf3 Rxf3+ 31. Kxf3 Kg7 32. Kg4 Kf6 33. Be4 Rc8 34. Kh5 b6 35. Kg4 Rc3 36. Kh5 Re3 37. Bd5 e4 38. Kxh6 Ke5 39. c4 Rg3 40. Bf7 e3 41. Bh5 Rg2 0-1